| 000 | 00992cam a2200229 4500 | ||
|---|---|---|---|
| 001 | WB3712-47 | ||
| 008 | 000000n2001 000 0 eng u | ||
| 035 | _a(Sirsi) u111496 | ||
| 245 | _aEquine enterprises boost farm incomes | ||
| 260 | _c2001 | ||
| 490 |
_aFarmers Guardian _v16 March 2001, 28(1) |
||
| 520 | _aA new survey by Strutt & Parker has shown that three-quarters of their farming clients have diversified into horses in the last fifteen years. 23% of those who have set up stables or other equine enterprises had done so in the last two years. The research, also suggests that such enterprises can be a useful source of income with annual rents for land let for horses reaching of £200-£500 per acre. | ||
| 590 | _aWB | ||
| 650 | _aBRITISH EQUINE TRADE ASSOCIATION | ||
| 650 | _aFARM DIVERSIFICATION | ||
| 650 | _aEQUINE BUSINESSES | ||
| 650 | _aHORSES | ||
| 650 | _aLIVERY STABLES | ||
| 650 | _aSTABLES | ||
| 690 | _aRURAL-FARM BUSINESS MANAGEMENT | ||
| 942 | _n0 | ||
| 999 |
_c66441 _d66441 |
||